El Salvador, 1985-2000: población y recursos naturales /

Uloženo v:
Podrobná bibliografie
Hlavní autor: Sermeño Lima, José Arnoldo
Médium: Text
Tagy: Přidat tag
Žádné tagy, Buďte první, kdo vytvoří štítek k tomuto záznamu!

MARC

LEADER 00000 a a2200000 04500
001 7974
003
040
100 |a Sermeño Lima, José Arnoldo  
245 |a El Salvador, 1985-2000:   |b población y recursos naturales /  |c José Arnoldo Sermeño Lima 
773 |g número 9; páginas 207-245  
999 |c 19966  |d 19966